Electromagnetism : (Record no. 528426)

000 -LEADER
fixed length control field 00695pam a2200253 a 4500
001 - CONTROL NUMBER
control field 4223751
003 - CONTROL NUMBER IDENTIFIER
control field NUST
005 - DATE AND TIME OF LATEST TRANSACTION
control field 20190912060736.0
008 - FIXED-LENGTH DATA ELEMENTS--GENERAL INFORMATION
fixed length control field 820624s1982 nyua b 001 0 eng
010 ## - LIBRARY OF CONGRESS CONTROL NUMBER
LC control number 82012343
038 ## - RECORD CONTENT LICENSOR
Staff Name ms
040 ## - CATALOGING SOURCE
Original cataloging agency DLC
Transcribing agency DLC
Modifying agency DLC
050 00 - LIBRARY OF CONGRESS CALL NUMBER
Classification number QC760
Item number .E43 1982
082 00 - DEWEY DECIMAL CLASSIFICATION NUMBER
Classification number 0
Edition number 19
100 ## - MAIN ENTRY--PERSONAL NAME
Personal name I.S.Grant
9 (RLIN) 20218
245 00 - TITLE STATEMENT
Title Electromagnetism :
Statement of responsibility, etc. I.S.Grant
260 ## - PUBLICATION, DISTRIBUTION, ETC.
Place of publication, distribution, etc. New York :
Name of publisher, distributor, etc. Plenum,
Date of publication, distribution, etc. c1975.
300 ## - PHYSICAL DESCRIPTION
Extent x, 514 p. :
Other physical details ill. ;
Dimensions 26 cm.
504 ## - BIBLIOGRAPHY, ETC. NOTE
Bibliography, etc. note Includes bibliographies and index.
650 #0 - SUBJECT ADDED ENTRY--TOPICAL TERM
Topical term or geographic name entry element Electromagnetism.
9 (RLIN) 20219
700 1# - ADDED ENTRY--PERSONAL NAME
Personal name Teplitz, Doris,
Dates associated with a name 1935-
9 (RLIN) 20220
906 ## - LOCAL DATA ELEMENT F, LDF (RLIN)
a 7
b cbc
c orignew
d 1
e ocip
f 19
g y-gencatlg
942 ## - ADDED ENTRY ELEMENTS (KOHA)
Source of classification or shelving scheme
Koha item type Book
Holdings
Withdrawn status Lost status Source of classification or shelving scheme Damaged status Not for loan Permanent Location Current Location Date acquired Total Checkouts Barcode Date last seen Price effective from Koha item type
          School of Civil and Environmental Engineering (SCEE) School of Civil and Environmental Engineering (SCEE) 09/12/2019   NIT-10459 09/12/2019 09/12/2019 Book
© 2023 Central Library, National University of Sciences and Technology. All Rights Reserved.